| 000 | 00397 a2200133 4500 | ||
|---|---|---|---|
| 001 | 91700 | ||
| 082 | _aPR 1709 | ||
| 090 |
_c43862 _d43861 |
||
| 100 | _aAamir Sharif; Prof Aamir Hasan; Advisor | ||
| 245 |
_aTo Develop a Prototype Wireless Mesh Network using RFM Development Kit (DM-1800-434-DK) _n63 "B" EC |
||
| 260 |
_aRawalpindi _bNUST _c2007 |
||
| 300 | _a105p | ||
| 500 | _aBE Project Reports | ||
| 942 |
_aCAE NUST _kPR 1709 |
||
| 999 |
_c326773 _d326773 |
||